| 000 -LEADER |
| fixed length control field |
nam a22 7a 4500 |
| 005 - DATE AND TIME OF LATEST TRANSACTION |
| control field |
20180928071506.0 |
| 008 - FIXED-LENGTH DATA ELEMENTS--GENERAL INFORMATION |
| fixed length control field |
170908b xxu||||| |||| 00| 0 eng d |
| 020 ## - IDENTIFIER FOR THE MANIFESTATION |
| Identifier for the Manifestation |
9781615216390 |
| Binding |
paperback |
| 040 ## - CATALOGING SOURCE |
| Language of Cataloging |
eng |
| Transcribing Agency |
APEC Schools Library |
| Description Conventions |
rda |
| 082 ## - DEWEY DECIMAL CLASSIFICATION NUMBER |
| Classification number |
C 248 |
| Author's Number |
N229g 2011 |
| 110 1# - CREATOR (CORPORATE BODY) |
| Signatory to a Treaty, etc./Preferred Name/Location of Headquarters |
Navigators |
| 245 ## - TITLE AND STATEMENT OF RESPONSIBILITY |
| Preferred Title Proper |
Growing strong in God's family : |
| Remainder of Title |
a course in discipleship to strengthen your walk with God / |
| Statement of Responsibility/Parallel Statement of Responsibility |
by Navigators. |
| 264 ## - PUBLICATION STATEMENT |
| Place of publication, distribution, etc |
Colorado Springs, CO : |
| Publisher's Name/Parallel Publisher's Name |
NavPress , |
| Copyright |
©2001. |
| Date of Publication |
[2001]. |
| 300 ## - PHYSICAL DESCRIPTION |
| Extent |
102 pages : |
| Illustrative Content |
some illustrations ; |
| Dimensions |
28 cm |
| 336 ## - RDA CONTENT |
| Source |
rdacontent |
| Content Type |
text |
| 337 ## - RDA MEDIA |
| Source |
rdamedia |
| Media Type |
unmediated |
| 338 ## - RDA CARRIER |
| Source |
rdacarrier |
| Carrier Type |
volume |
| 500 ## - GENERAL NOTE |
| Note on Title/Statement of Responsibility/Edition/Publication/Copyright |
Includes appendix. |
| 505 0# - CONTENTS |
| Related Work = Contents |
Front Cover; Title Page; Copyright & Acknowledgment; Contents; My Completion Record; Introduction; For Those Already Familiar with The 2:7 Series; For Those New to The 2:7 Series; Where to Use The 2:7 Series; Group Leaders; Navigator Resources Available to You; Abbreviations for Bible Versions; Session 1; Based on Colossians 2:7; General Comments; Why Read and Mark a Bible; Ways to Mark Your Bible as You Read; Choosing Where to Read in Your Bible; What to Mark; Reading and Marking Exercise; Scripture Memory Overview; Beginning with Christ Explanation Proven Ways to Memorize a Verse EffectivelySession 2; Introduction to Bible Study; Beginning with Christ Bible Study; Session 3; An Effective Way to Review Memory Verses Together; Tyranny of the Urgent, by Charles E. Hummel; Summarizing Tyranny of the Urgent; Prayer: Part 1 (Bible Study); How to Use My Reading Progress; Session 4; Prayer: Part 2 (Bible Study); The Wheel Illustration; Session 5; Practical Suggestions on Prayer; How to Use My Reading Highlights; Why Use My Reading Highlights; The Word (Bible Study); Session 6; The Hand Illustration; The Quiet Time Quiet Time, Reading Plans, and Bible StudySession 7; Christ the Center (Bible Study); Session 8; Why Have an Evangelism Prayer List; Setting Up Your Evangelism Prayer List; Getting to Know Non-Christians; The Wheel and The Hand in Your Life; Guide to Conversational Prayer; Session 9; Obedience (Bible Study); Session 10; Fellowship (Bible Study); Session 11; Why Memorize Scripture; Witness (Bible Study); Keep Growing; Appendix; Notes |
| 650 ## - ADDED SUBJECT ACCESS POINT - TOPICAL TERM |
| Topical Term |
Christian life |
| General Subdivision |
Personal |
| 650 ## - ADDED SUBJECT ACCESS POINT - TOPICAL TERM |
| Topical Term |
Christian ethics |
| 942 ## - ADDED ENTRY ELEMENTS (KOHA) |
| Source of Classification |
|
| Koha Item Type |
Books |